000 00725cam a2200205 a 4500
008
049 _aMAIN
090 _aSD242.U5
_bWAS
100 1 _aWasswa-Matovu, Joseph.
245 1 0 _aEffects of transaction costs on community forest management in Uganda /
_cJoseph Wasswa-Matovu.
260 _a[Addis Ababa] :
_bOrganisation For Social Science Research in Eastern and Southern Africa,
_c2010.
300 _axii, 78 p. ;
_c23 cm.
504 _aIncludes bibliographical references.
650 0 _aForest management
_xEconomic aspects
_zUganda.
907 _a.b1032818x
_b24-09-15
_c05-03-13
003
005 20230123122002.0
040 _cNUST
942 _cBOOKS
_kSD242.U5
_mWAS
999 _c125824
_d125824